• 首页
  • 本馆介绍
  • 公告通知
  • 最新文献
  • 馆藏检索
  • 电子资源
  • 读者导购
  • 参考咨询
  • 我的图书馆
  • 登录
  • 详细信息显示
  • 放入我的书架
  • 预约/预借图书
  • 作者相关作品
  • 分类相关作品
  • 丛书相关作品
  • 出版社相关作品

书目信息

  • 表格格式
  • 工作单格式
  • 卡片格式
题名:
中国金融业风险管理
    
 
作者: 黎晓宏 著
分册:  
出版信息: 北京   中信出版集团股份有限公司  2021
页数: 726页
开本: 23cm
丛书名:
单 册:
中图分类: F832.1
科图分类:
主题词: 金融风险--风险管理--研究--中国
电子资源:
ISBN: 978-7-5217-3659-5
000 01081nam0 2200217 450
001 2249600719
005 20220917134656.15
010    @a978-7-5217-3659-5@b精装@dCNY198.00
100    @a20211206d2021 em y0chiy50 ea
101 0  @achi
102    @aCN@b110000
105    @ay z 000yy
200 1  @a中国金融业风险管理@9zhong guo jin rong ye feng xian guan li@f黎晓宏著
210    @a北京@c中信出版集团股份有限公司@d2021
215    @a726页@d23cm
330    @a本书首先介绍金融市场的情况(特点、功能、机构及市场体系)以及金融稳定、金融安全、金融风险处置与金融科技等社会普遍关注的内容;在此基础上,重点对金融风险的内涵与外延、特征与机理,金融风险管理的目标与关键环节,海内外防控金融风险的有益探索和实践,当前与未来一段时间国际国内市场与金融机构面临的主要金融风险等进行论述;最后对各类持牌机构(持有中国人民银行、中国银保监会、中国证监会依法批准的金融业务许可证)及重要金融基础设施如何有效防范风险进行专门论述。
606 0  @a金融风险@x风险管理@x研究@y中国
690    @aF832.1@v5
701  0 @a黎晓宏@9li xiao hong@f(1953-)@4著
801  0 @aCN@b91MARC@c20211226
905    @aZUCC@dF832.1@e14
    
    中国金融业风险管理/黎晓宏著.-北京:中信出版集团股份有限公司,2021
    726页;23cm
    
    
    ISBN 978-7-5217-3659-5(精装):CNY198.00
    本书首先介绍金融市场的情况(特点、功能、机构及市场体系)以及金融稳定、金融安全、金融风险处置与金融科技等社会普遍关注的内容;在此基础上,重点对金融风险的内涵与外延、特征与机理,金融风险管理的目标与关键环节,海内外防控金融风险的有益探索和实践,当前与未来一段时间国际国内市场与金融机构面临的主要金融风险等进行论述;最后对各类持牌机构(持有中国人民银行、中国银保监会、中国证监会依法批准的金融业务许可证)及重要金融基础设施如何有效防范风险进行专门论述。
●
相关链接 在五车中查询图书 在当当中查询图书 在豆瓣中查询图书


正题名:中国金融业风险管理     索取号:F832.1/14         预约/预借

序号 登录号 条形码 馆藏地/架位号 状态 备注
1 2000896039   2000896039   第三书库/ [索取号:F832.1/14] 在馆    
2 2000896040   2000896040   第三书库/ [索取号:F832.1/14] 在馆    
3 2000896041   2000896041   第三书库/ [索取号:F832.1/14] 在馆    
山东省滨州职业学院图书馆 欢迎您!
大连网信软件有限公司© 版权所有